000 nam a22 a 4500
999 _c2639
_d2639
003 AKMAL
005 20170517123852.0
008 170517s1987 -usa 001 0 eng d
020 _a0397545657
040 _aAKMAL
_cAKMAL
082 0 4 _a616.028 PER
090 _a616.028
_bPER
245 1 0 _aCritical care procedures and protocols :
_ba nursing process approach /
_cCarol Batten Persons with 16 contributors.
260 _aPhiladelphia :
_bLippincott,
_cc1987.
300 _axvi, 521 p. :
_bill. ;
_c28 cm.
504 _aIncludes bibliographies.
650 0 _aIntensive care nursing
_xHandbooks, manuals, etc.
_95514
700 1 _aPersons, Carol Batten
_95515
942 _2ddc
_cBOOK